<?xml version="1.0" encoding="UTF-8"?>
<record
    xmlns:xsi="http://www.w3.org/2001/XMLSchema-instance"
    xsi:schemaLocation="http://www.loc.gov/MARC21/slim http://www.loc.gov/standards/marcxml/schema/MARC21slim.xsd"
    xmlns="http://www.loc.gov/MARC21/slim">

  <leader>01501nam a22002057a 4500</leader>
  <controlfield tag="003">IT-MiCISF</controlfield>
  <controlfield tag="005">20221114154316.0</controlfield>
  <controlfield tag="008">221114b        |||||||| |||| 00| 0 eng d</controlfield>
  <datafield tag="040" ind1=" " ind2=" ">
    <subfield code="c">IT-MiCISF</subfield>
  </datafield>
  <datafield tag="041" ind1=" " ind2=" ">
    <subfield code="a">italiano</subfield>
  </datafield>
  <datafield tag="100" ind1=" " ind2=" ">
    <subfield code="a">Greiner Lena, Padtberg Carola</subfield>
    <subfield code="9">59245</subfield>
  </datafield>
  <datafield tag="245" ind1=" " ind2=" ">
    <subfield code="a">Genitori elicottero</subfield>
    <subfield code="b">Come stiamo rovinando i nostri figli</subfield>
  </datafield>
  <datafield tag="260" ind1=" " ind2=" ">
    <subfield code="a">Milano</subfield>
    <subfield code="b">Feltrinelli</subfield>
    <subfield code="c">2019</subfield>
  </datafield>
  <datafield tag="300" ind1=" " ind2=" ">
    <subfield code="a">pp. 140</subfield>
  </datafield>
  <datafield tag="500" ind1=" " ind2=" ">
    <subfield code="a">genitorialit&#xE0;, rapporti-genitori-figli, esperienze</subfield>
  </datafield>
  <datafield tag="520" ind1=" " ind2=" ">
    <subfield code="a">Dall'obbligo di far mangiare farro al figlio al rimprovero mosso al professore per il brutto voto: i genitori elicottero sorvolano la prole dai primi giorni di vita all'et&#xE0; adulta. Sono apprensivi, hanno progetti ambiziosi, spianano il terreno per il futuro dei figli, si sacrificano per loro senza se e senza ma e, purtroppo, sono onnipresenti. Educatori, insegnanti, medici, allenatori, persino ostetriche e professori universitari, insieme a numerosi genitori "normali" finalmente vuotano il sacco e raccontano le proprie esperienze con genitori superdeterminati, totalmente dediti ai figli dal corso di preparazione al parto fino alla ricerca del posto di lavoro. Il risultato finale &#xE8; una satira realistica che in molti susciter&#xE0; grandi risate, porter&#xE0; altri a mettersi le mani nei capelli e stimoler&#xE0; tutti a ragionare sugli eccessi dell'essere genitore, su cosa conta davvero per i figli e sui fraintesi dell'amore</subfield>
  </datafield>
  <datafield tag="650" ind1=" " ind2=" ">
    <subfield code="a">genitorialit&#xE0;</subfield>
    <subfield code="9">56044</subfield>
  </datafield>
  <datafield tag="654" ind1=" " ind2=" ">
    <subfield code="a">saggio</subfield>
  </datafield>
  <datafield tag="942" ind1=" " ind2=" ">
    <subfield code="2">ddc</subfield>
    <subfield code="c">BK</subfield>
  </datafield>
  <datafield tag="999" ind1=" " ind2=" ">
    <subfield code="c">359528</subfield>
    <subfield code="d">359528</subfield>
  </datafield>
  <datafield tag="952" ind1=" " ind2=" ">
    <subfield code="0">0</subfield>
    <subfield code="1">0</subfield>
    <subfield code="2">ddc</subfield>
    <subfield code="4">0</subfield>
    <subfield code="6">A_2370_000000000000000</subfield>
    <subfield code="7">1</subfield>
    <subfield code="a">CISF</subfield>
    <subfield code="b">CISF</subfield>
    <subfield code="d">2022-11-14</subfield>
    <subfield code="l">0</subfield>
    <subfield code="o">A2370</subfield>
    <subfield code="p">9788807091209</subfield>
    <subfield code="r">2022-11-14 00:00:00</subfield>
    <subfield code="w">2022-11-14</subfield>
    <subfield code="y">BK</subfield>
  </datafield>
</record>
